000 00875cam a2200253 a 4500
001 000010548
005 20200929162240.0
008 890719s1989 pr a b s000 0 spa
020 _a0847736423
035 _a(DLC) 89038004
040 _aDO-SdBNP
_bDLC
_dDLC
082 _a868
_bB697L, 1989
100 1 _aBonafoux y Quintero, Luis,
_d1855-1918.
_925585
245 1 0 _aLiteratura de Bonafoux /
_cLuis Bonafoux (Aramis).
250 _a2a ed.
260 _aSan Juan, (Puerto Rico) :
_bInstituto de Cultura Puertorriqueña :
_bUniversidad de Puerto Rico,
_c1989.
300 _a325 p. :
_bil. ;
_c21 cm.
490 1 _aPuertorriqueña
_v2
504 _aIncluye referencias bibliográficas y notas al pie de las páginas.
650 4 _aLiteratura francesa
_ySIGLO XIX
_95031
830 0 _aPuertorriqueña ;
_v2
_98071
910 _aCatalogación por copia / LC
049 _aBNGR
999 _c10306
_d10306